000 00651nam a22002057a 4500
005 20251108165948.0
008 250721s1984 xx 000 0 ara d
082 1 4 _aق/مار
100 1 _aماركيز، غابرييل غارسيا
245 1 0 _aلعنة الغواية /
264 1 _aالقاهره :
_bدار الهلال،
_c1984.
300 _a161ص
490 0 _aروايات الهلال
500 _aالفائزة بجائزة نوبل في الأدب عام 1982
650 1 7 _aالأدب العربي
650 1 7 _aالأدب القصصي
700 1 _aمسعود، محمود
_eترجمة
942 _2ddc
_cBK
999 _c35995
_d35995